|
|
|
|
| LEADER |
00785nta a2200169 i 4500 |
| 001 |
dipl54057 |
| 005 |
20151103112426.0 |
| 008 |
151030s2015 hu om 0|| zxx d |
| 040 |
|
|
|a SZTE Diploma Repozitórium
|b hun
|
| 041 |
|
|
|a zxx
|
| 100 |
1 |
|
|a Jancsó Norbert
|
| 245 |
1 |
2 |
|a A magyar huszár fegyvernem a II. világháborúban. A lovasdandár és az 1. lovashadosztály hadműveletei
|h [elektronikus dokumentum] /
|c Norbert Jancsó
|
| 246 |
1 |
0 |
|a The Hungarian Hussar No Weapon II. World War II / A lovasdandár Cavalry Division and the 1st military operations
|h [elektronikus dokumentum]
|
| 260 |
|
|
|c 2015
|
| 650 |
|
4 |
|a Bölcsészettudományok
|
| 700 |
1 |
|
|a Giczi Zsolt
|e ths
|
| 856 |
4 |
0 |
|u http://diploma.bibl.u-szeged.hu/id/eprint/54057/1/2015_Jancs%C3%B3_Norbert_JANEAA_J_SZE_SZ.pdf
|z Dokumentum-elérés
|